Loading...

Encyclopaedic profile of Indian tribes: vol.1

Bibliographic Details
Other Authors: Sachchidananda, Prasad, R.R
Format: Printed Book
Published: New Delhi Discovery Publishing House 1998
Subjects:
LEADER 00534cam a2200157ua 4500
020 |a 81-7141-298-X 
082 |a 306.089 141 1  |b ENC.1 
245 0 0 |a Encyclopaedic profile of Indian tribes: vol.1 
260 |a New Delhi  |b Discovery Publishing House  |c 1998 
300 |a lviii, 257p. 
650 0 |a Tribes- India- Encyclopaedias 
700 0 2 |a Sachchidananda  
700 0 2 |a Prasad, R.R 
942 |c REF 
999 |c 1778  |d 1778 
952 |0 0  |1 0  |4 0  |6 306_089000000000000_141_1_ENC_  |7 0  |9 1844  |a KUCL  |b KUCL  |d 2014-05-23  |l 0  |o 306.089 141 1 ENC.1  |p 04900  |r 2017-03-10  |y REF